Nachbarländer Kroatiens auf einer Karte - Statistiken

Allgemein
  • Dieses Quiz wurde 340 mal gespielt
    177 seit der letzten Aktualisierung
  • Das Durchschnittsergebnis liegt bei 5 aus 5
Antworten auf der Karte
Die Antworten werden auf der Karte rot bzw. grün angezeigt, abhängig davon wie oft sie richtig erraten wurden.
 
Antwortstatistiken
Land % Korrekt
Bosnien und Herzegowina
97%
Serbien
97%
Slowenien
97%
Ungarn
95%
Montenegro
86%
Keine übereinstimmenden Quizze gefunden
Verteilung der Resultate
Anzahl Personen mit jedem Resultat
Perzentil nach korrekt beantworteten Fragen
Ihre Resultats-Entwicklung
Sie haben dieses Quiz seit der letzten Aktualisierung nicht gespielt